000
00250nam a22001097a 4500
082
_a
355.02 HER'J
100
_a
HERZAG, SHAIAM
_9
57247
245
_a
JANG-A-KUFARA
260
_a
RAWALPINDI
_b
ARMY EDUCATION PRESS
_c
1975
300
_a
451P
942
_c
BK
999
_c
567538
_d
567538